000 00576na a2200229 4500
001 12823
003 MIRAKIL
005 20181213154826.0
008 160827b tu 000 0
020 _a9758295136
035 _a12823
040 _aMilas
_btur
_cTR-AnCHP
082 _a128
_bN87i 1998
090 _a128 N87i 1998
100 _aNutku, Uluğ
245 _aİnsan felsefesi çalışmaları
_cUluğ Nutku
260 _aİzmir
_bBulut yayınları
_c1998
300 _a160 s.
_c20 sm.
650 _aFelsefe
650 _aFelsefi antropoloji
942 _2ddc
_cBKS
999 _c1562
_d1562